00979nam a2200241 a 4500001001000000003000900010005001700019008004100036040002500077082002100102100003100123245011400154260008400268300002900352504002800381590002600409700002300435700002900458942001400487952010700501952011200608999001700720000038152DO-SdBNP20210525151932.0130319s1994 dr a r 000 0 spa d aDO-SdBNPbspacBNPHU 4axxxxxbS587n2221 aSilvestre, Emmanuel96451213aLa neo-prostitución infantil en República Dominicana /cEmmanuel Silvestre, Jaime Rijo, Humberto Bogaert. aSanto Domingo :bFondo de las Naciones Unidas para la Infancia (UNICEF),c1994. a116 p. :bils. ;c25 cm. aBibliografía : p. 116 aInventariado, 2020/BT1 aRijo, Jaime9645131 aBogaert, Humberto964514 2ddccLBS1 00102ddc51718PDaBNPHUbPDcHDd2013-03-19l0oxxxxx S587np38152-10r2020-06-25w2020-06-25yLFPD 00102ddc51728PDaBNPHUbPDcHDd2018-10-15l0oxxxxx S587np38152-20r2020-06-25te.2w2020-06-25yLFPD c37642d37642